MARC details
| 000 -CABECERA |
| campo de control de longitud fija |
03165cam a2200301 a 4500 |
| 001 - NÚMERO DE CONTROL |
| campo de control |
10471982 |
| 003 - IDENTIFICADOR DEL NÚMERO DE CONTROL |
| campo de control |
CaAEU |
| 006 - CÓDIGOS DE INFORMACIÓN DE LONGITUD FIJA--CARACTERÍSTICAS DEL MATERIAL ADICIONAL |
| campo de control de longitud fija |
m o d |
| 007 - CAMPO FIJO DE DESCRIPCIÓN FÍSICA--INFORMACIÓN GENERAL |
| campo de control de longitud fija |
cr cn||||||||| |
| 008 - DATOS DE LONGITUD FIJA--INFORMACIÓN GENERAL |
| campo de control de longitud fija |
231017r20232023enk o 001 0 eng |
| 020 ## - NÚMERO INTERNACIONAL ESTÁNDAR DEL LIBRO |
| Número Internacional Estándar del Libro |
9781350291102 |
| 024 7# - IDENTIFICADOR DE OTROS ESTÁNDARES |
| Número estándar o código |
10.5040/9781350291096 |
| Fuente del número o código |
doi |
| 035 ## - NÚMERO DE CONTROL DEL SISTEMA |
| Número de control de sistema |
on1405904094 |
| 039 ## - NIVEL DE CONTROL BIBLIOGRÁFICO Y DETALLES DE CODIFICACIÓN [OBSOLETO] |
| Nivel de reglas en descripción bibliográfica |
exclude |
| 040 ## - FUENTE DE LA CATALOGACIÓN |
| Centro catalogador/agencia de origen |
UkLoBP |
| Lengua de catalogación |
eng |
| Normas de descripción |
rda |
| Centro/agencia transcriptor |
UkLoBP |
| Centro/agencia modificador |
AEU |
| 041 ## - CÓDIGO DE LENGUA |
| Código de lengua del texto/banda sonora o título independiente |
English |
| 245 00 - MENCIÓN DE TÍTULO |
| Título |
Luxury Fashion and Media Communication |
| Resto del título |
: Between the Material and Immaterial |
| Mención de responsabilidad, etc. |
/ edited by Paula von Wachenfeldt and Magdalena Petersson McIntyre. |
| 250 ## - MENCIÓN DE EDICIÓN |
| Mención de edición |
First edition |
| 264 #1 - PRODUCCIÓN, PUBLICACIÓN, DISTRIBUCIÓN, FABRICACIÓN Y COPYRIGHT |
| Producción, publicación, distribución, fabricación y copyright |
London : |
| Nombre del de productor, editor, distribuidor, fabricante |
Bloomsbury Visual Arts, |
| Fecha de producción, publicación, distribución, fabricación o copyright |
2023. |
| 300 ## - DESCRIPCIÓN FÍSICA |
| Extensión |
222 pages |
| 505 ## - NOTA DE CONTENIDO CON FORMATO |
| Nota de contenido con formato |
Contemporary Luxury and the Communication of Jewellery —<br/>Sensing Luxury: The Meaning and Embodiment of Objects in Film Commercials —<br/>Selling Luxury: Guided Sensory Communication in the Perfume Store —<br/>Chanel's Ascent to the Pinnacle of Luxury: A Triadic Model of Evolution for Luxury Brands —<br/>Sketching Agencies, Intellectual Property Rights, and the Mediations of Luxury —<br/>Strategical Capabilities of Luxury Fashion: The Case of Loewe —<br/>From Tween to Teenagers: The Meaning and Consumption of Luxury Amongst Children —<br/>Motivations, Expression, and Media: Symbolic Consumption of Luxury Brands in China —<br/>Luxury Fashion Brands and Ethicality: The Importance of Expressing One's True Self. |
| 520 ## - SUMARIO, ETC. |
| Sumario, etc. |
Using image and film advertisements, interviews, social media and public and private archives, <i>Luxury Fashion and Media Communication</i> offers an interdisciplinary approach to analyzing the value of the luxury object. Regular reports on consumption in media and frequent advertising on social media have allowed people all over the world to share in the issues and development of luxury; but how is it communicated, and how has it affected the consumer? An international range of scholars explore the material and immaterial value and meaning of luxury, how it is materialized and how it is communicated between the luxury industry and the consumer. Investigating French, Italian and Spanish luxury brands and their communication strategies on the global market, and including two chapters focusing specifically on the Chinese and American markets, they examine the ambiguity of the luxury commodity. This volume shows particularly the conflicting narratives between the idea of exclusivity and human skills and their mass marketing. In exploring theoretical perspectives alongside the practicalities of how luxury is communicated, <i>Luxury Fashion and Media Communication</i> reveals the value of the luxury object and the consumer's behaviour in relation to that value. It offers an innovative and important intervention in the inter-related fields of luxury fashion, media and communication, and key reading for scholars, students and practitioners wishing to explore the material and immaterial value of luxury. |
| 650 #0 - PUNTO DE ACCESO ADICIONAL DE MATERIA--TÉRMINO DE MATERIA |
| Término de materia o nombre geográfico como elemento de entrada |
Digital media |
| 9 (RLIN) |
9437 |
| 650 #0 - PUNTO DE ACCESO ADICIONAL DE MATERIA--TÉRMINO DE MATERIA |
| Término de materia o nombre geográfico como elemento de entrada |
Fashion merchandising |
| 9 (RLIN) |
8540 |
| 700 ## - ENTRADA AGREGADA--NOMBRE PERSONAL |
| Nombre de persona |
Petersson McIntyre, Magdalena, |
| Término indicativo de función/relación |
editor. |
| 9 (RLIN) |
25734 |
| 700 ## - ENTRADA AGREGADA--NOMBRE PERSONAL |
| Nombre de persona |
von Wachenfeldt, Paula, |
| Término indicativo de función/relación |
editor. |
| 9 (RLIN) |
25735 |
| 942 ## - ELEMENTOS DE ENTRADA AGREGADA (KOHA) |
| Fuente del sistema de clasificación o colocación |
Clasificación de Library of Congress |